| 000 | 00385cam a22001217a 4500 | ||
|---|---|---|---|
| 008 | 180718b1961 xxu||||| |||| 00| 0 eng d | ||
| 082 | _aZx52 Ot7i | ||
| 100 | _aOtsuki, Masao | ||
| 245 |
_aJapanese agriculture and the direction of it's development _cby Masao Otsuki |
||
| 260 |
_aTokyo _bNational Research Institute of Agriculture _c1961 |
||
| 300 | _a80p | ||
| 650 | _aAgriculture --Japan | ||
| 999 |
_c430188 _d430188 |
||